00373 2200157 4500001002100000008004100021035002000062245003600082100001500118250000600133260003200139084001400171082000800185650001000193990001200203INLIS000000000001547 ind  a0010-0125000045 aBalada Rosid & DeliacBen Sohib aSohib, Ben a1 aYogyakarta :bBentangc2010 a800 BEN b a800 aFiksi a0715296